00360 a2200109 450000500170000002000180001708200210003510000220005624500700007826000350014830000670018320250612124728.0 a0-07-055612-1 aLECT 658.503 SCH aSCHROEDER, R. G.  aOperation management: Decision making in the operations function. aLondon, bMcGraw-Hill, c1982. axv, 680.: ill.; chart, figure, graph, table. bIndex, c23cm.